Every country by photo - Statistics

General Stats
  • This quiz has been taken 129 times
  • The average score is 25 of 193
Answer Stats
Picture Answer % Correct
United Kingdom
85%
United States
69%
France
62%
Australia
54%
Canada
46%
Norway
38%
Russia
38%
Belgium
31%
Brazil
31%
China
31%
Hungary
31%
Italy
31%
Mexico
31%
Netherlands
31%
Portugal
31%
Spain
31%
Sweden
31%
Switzerland
31%
Turkey
31%
Albania
23%
Austria
23%
Bulgaria
23%
Colombia
23%
Cuba
23%
Czechia
23%
Denmark
23%
Egypt
23%
Finland
23%
Greece
23%
India
23%
Israel
23%
Japan
23%
Kazakhstan
23%
Kuwait
23%
Liechtenstein
23%
Poland
23%
Saudi Arabia
23%
Singapore
23%
Slovenia
23%
Syria
23%
United Arab Emirates
23%
Vatican
23%
Armenia
15%
Azerbaijan
15%
Belarus
15%
Bosnia and Herzegovina
15%
Cambodia
15%
Croatia
15%
Ecuador
15%
Estonia
15%
Fiji
15%
Germany
15%
Guyana
15%
Iceland
15%
Iraq
15%
Kosovo
15%
Latvia
15%
Lebanon
15%
Lithuania
15%
Luxembourg
15%
Malaysia
15%
Moldova
15%
Mongolia
15%
Montenegro
15%
North Korea
15%
North Macedonia
15%
Oman
15%
Peru
15%
Qatar
15%
Romania
15%
Serbia
15%
Slovakia
15%
South Africa
15%
Taiwan
15%
Ukraine
15%
Vietnam
15%
Yemen
15%
Afghanistan
8%
Andorra
8%
Antigua and Barbuda
8%
Argentina
8%
Bahrain
8%
Bangladesh
8%
Barbados
8%
Belize
8%
Benin
8%
Bhutan
8%
Bolivia
8%
Botswana
8%
Burkina Faso
8%
Burundi
8%
Cameroon
8%
Central African Republic
8%
Chad
8%
Chile
8%
Costa Rica
8%
Democratic Republic of the Congo
8%
Djibouti
8%
Dominica
8%
Dominican Republic
8%
El Salvador
8%
Equatorial Guinea
8%
Eritrea
8%
Eswatini
8%
Ethiopia
8%
Gabon
8%
Gambia
8%
Georgia
8%
Grenada
8%
Guatemala
8%
Guinea
8%
Guinea Bissau
8%
Haiti
8%
Honduras
8%
Indonesia
8%
Iran
8%
Ireland
8%
Ivory Coast
8%
Jamaica
8%
Jordan
8%
Kenya
8%
Kiribati
8%
Kyrgyzstan
8%
Lesotho
8%
Liberia
8%
Libya
8%
Malawi
8%
Mauritania
8%
Micronesia
8%
Monaco
8%
Morocco
8%
Mozambique
8%
Namibia
8%
Nauru
8%
Nepal
8%
New Zealand
8%
Niger
8%
Nigeria
8%
Palau
8%
Palestine
8%
Panama
8%
Papua new guinea
8%
Paraguay
8%
Philippines
8%
Rwanda
8%
Saint Kitts
8%
Saint Lucia
8%
San Marino
8%
Sao tome and Principe
8%
Senegal
8%
Sierra Leone
8%
Somalia
8%
South Korea
8%
South Sudan
8%
Sudan
8%
Suriname
8%
Tajikistan
8%
Tanzania
8%
Thailand
8%
Timor-Leste
8%
Togo
8%
Trinidad and Tobago
8%
Turkmenistan
8%
Uganda
8%
Uruguay
8%
Uzbekistan
8%
Zambia
8%
Zimbabwe
8%
Algeria
0%
Angola
0%
Brunei
0%
Cape Verde
0%
Comoros
0%
Ghana
0%
Laos
0%
Madagascar
0%
Maldives
0%
Mali
0%
Marshall Islands
0%
Mauritius
0%
Myanmar
0%
Pakistan
0%
Republic of congo
0%
Saint Vincent and Grenadives
0%
Samoa
0%
Seychelles
0%
Solomon Islands
0%
Sri Lanka
0%
The Bahamas
0%
Tonga
0%
Tunisia
0%
Tuvalu
0%
Vanuatu
0%
No matching quizzes found
Score Distribution
Percent of People with Each Score
Percentile by Number Answered
Your Score History
You have not taken this quiz